| 000 | 01228 a2200205 4500 | ||
|---|---|---|---|
| 020 | _a0201563169 | ||
| 020 | _a9780201563160 | ||
| 082 | 0 | 4 | _a658.404 |
| 090 |
_c3568 _d3568 |
||
| 100 | 1 | _aWeiss, Joseph. | |
| 245 | 1 | 0 |
_aFive-phase project management : _ba practical planning and implementation guide / _cJoseph Weiss. |
| 260 |
_a[S.l.] : _bBasic Books, _c1992. |
||
| 300 |
_a144 p. ; _c24 cm. |
||
| 500 | _aPaperback. | ||
| 520 | _aStarting and managing new projects in organizations requires creativity and teamwork. Project planning and implementation are often blocked by confusion and conflict over goals, methodologies, and communication bottlenecks. 5-Phase Project Management offers the best project management practices in a simple, easy-to-use format for all project managers. In this practical, step-by-step book, Joe Weiss and Bob Wysocki walk you through each phase of a complex project: definition, planning, implementation, management, and maintenance. | ||
| 700 | 1 | _aWysocki, Robert. | |
| 856 | 4 | 0 |
_3Amazon.com _uhttp://www.amazon.com/exec/obidos/ASIN/0201563169/chopaconline-20 |
| 856 | 4 | 0 |
_3Amazon customer reviews _uhttp://www.chopac.org/cgi-bin/tools/azrev.pl?q=0201563169 |
| 942 |
_aNBS _cBK _k658.404 VEI |
||
| 999 |
_c346041 _d346041 |
||